[Event "CRO-chT U20 15th"]
[Site "Sv Filip i Jakov"]
[Date "2006.04.22"]
[Round "8"]
[White "Dokmanovic, Srdjan"]
[Black "Stocko, Josip"]
[Result "0-1"]
[WhiteElo "1890"]
[BlackElo "1703"]
[PlyCount "67"]
[EventDate "2006.04.18"]
[EventType "team-tourn"]
[EventRounds "9"]
[EventCountry "CRO"]
[SourceTitle "CBM 111 Extra"]
[Source "ChessBase"]
[SourceDate "2006.05.09"]
[SourceVersion "1"]
[SourceVersionDate "2006.05.09"]
[SourceQuality "1"]

1. d4 d5 2. Nf3 Bf5 3. Bf4 e6 4. c3 Nf6 5. Qb3 b6 6. e3 a6 7. Qa4+ Nbd7 8. Qc6 Ra7 9. c4 Bb4+ 10. Nc3 0-0 11. a3 Bxc3+ 12. bxc3 Ne4 13. Rc1 b5 14. Bxc7 Rxc7 15. Qxa6 bxc4 16. Nd2 Qa8 17. Qxa8 Rxa8 18. Nxe4 Bxe4 19. f3 Bg6 20. Ra1 Rca7 21. Be2 Rxa3 22. 0-0 Rxa1 23. Bd1 Bd3 24. Re1 Bc2 25. Kf2 Rxd1 26. Re2 Bd3 27. Rb2 h6 28. Kg3 Rb1 29. Rd2 Ra3 30. h4 Rxc3 31. Ra2 Rcb3 32. e4 dxe4 33. fxe4 Bxe4+ 34. Kf2 0-1

[Event "CRO-chT U20 15th"]
[Site "Sv Filip i Jakov"]
[Date "2006.04.19"]
[Round "4"]
[White "Dubrovic, Mihovil"]
[Black "Dokmanovic, Srdjan"]
[Result "0-1"]
[WhiteElo "1689"]
[BlackElo "1890"]
[PlyCount "118"]
[EventDate "2006.04.18"]
[EventType "team-tourn"]
[EventRounds "9"]
[EventCountry "CRO"]
[SourceTitle "CBM 111 Extra"]
[Source "ChessBase"]
[SourceDate "2006.05.09"]
[SourceVersion "1"]
[SourceVersionDate "2006.05.09"]
[SourceQuality "1"]

1. e4 c5 2. Nf3 d6 3. Bc4 Nc6 4. Nc3 g6 5. d3 a6 6. a3 Bg4 7. Be3 Bg7 8. h3 Bxf3 9. Qxf3 Ne5 10. Qe2 Nxc4 11. dxc4 Qb6 12. Bc1 Bxc3+ 13. bxc3 Qc6 14. 0-0 Nf6 15. f3 0-0 16. Bg5 Rfe8 17. Bxf6 exf6 18. Qd3 Re5 19. Rfd1 Rd8 20. Rd2 f5 21. Re1 fxe4 22. Rxe4 Rxe4 23. Qxe4 Qxe4 24. fxe4 Re8 25. Rxd6 Rxe4 26. Rb6 Rxc4 27. Rxb7 Rxc3 28. a4 Rc4 29. Rc7 Rxa4 30. Rxc5 Kg7 31. Rc6 g5 32. c4 h5 33. Rc5 Kf6 34. Rc6+ Ke5 35. Rc7 f6 36. c5 Kf4 37. Rd7 Ra5 38. c6 Rc5 39. c7 Ke5 40. Re7+ Kd6 41. Rf7 Ke6 42. Rh7 h4 43. Rg7 a5 44. c8Q+ Rxc8 45. Ra7 Rc5 46. Ra6+ Ke5 47. Kh2 f5 48. Ra8 Kf4 49. Rd8 Re5 50. Ra8 Ke3 51. Ra7 f4 52. Ra8 Kf2 53. Ra7 Ke2 54. Ra6 Kd3 55. Ra8 Kc4 56. Rc8+ Rc5 57. Ra8 Kb4 58. Rb8+ Ka4 59. Ra8 Ka3 0-1